000 00803nam a2200229 a 4500
001 BRCA_5961
005 20190320205258.0
008 240311s1925----sp-a######---#000-0#spa-#
041 _aspa
044 _asp
050 4 _aNK7162
_b.A78 2 1925
100 1 _aArtiñano y Galdácano, Pedro Miguel de
_d1879-1934
_915057
245 1 0 _aCatálogo de la exposición de orfebrería civil española
_cpor Pedro Mg. de Artiñano.
260 _aMadrid
_bMateu : Sociedad Española de Amigos el Arte : Artes e Industrias Graficas
_c1925
300 _a163 p.
_bil. (algunas a color), 42 láminas
_c31 cm.
500 _aEjemplar igual a G83
500 _aG108
650 1 4 _aOrfebrería española
_vExposiciones
_915058
710 2 _aSociedad Española de Amigos del Arte
_915059
902 _aGFM
942 _2lcc
_cB
999 _c5650
_d5650